<?xml version="1.0" encoding="UTF-8"?><?xml-stylesheet type="text/xsl" href="static/style.xsl"?><OAI-PMH xmlns="http://www.openarchives.org/OAI/2.0/" xmlns:xsi="http://www.w3.org/2001/XMLSchema-instance" xsi:schemaLocation="http://www.openarchives.org/OAI/2.0/ http://www.openarchives.org/OAI/2.0/OAI-PMH.xsd"><responseDate>2026-04-14T04:11:42Z</responseDate><request verb="GetRecord" identifier="oai:www.recercat.cat:20.500.12327/3578" metadataPrefix="marc">https://recercat.cat/oai/request</request><GetRecord><record><header><identifier>oai:recercat.cat:20.500.12327/3578</identifier><datestamp>2026-02-24T00:35:16Z</datestamp><setSpec>com_2072_4428</setSpec><setSpec>com_2072_4427</setSpec><setSpec>col_2072_487898</setSpec></header><metadata><record xmlns="http://www.loc.gov/MARC21/slim" xmlns:dcterms="http://purl.org/dc/terms/" xmlns:xsi="http://www.w3.org/2001/XMLSchema-instance" xmlns:doc="http://www.lyncode.com/xoai" xsi:schemaLocation="http://www.loc.gov/MARC21/slim http://www.loc.gov/standards/marcxml/schema/MARC21slim.xsd">
   <leader>00925njm 22002777a 4500</leader>
   <datafield ind2=" " ind1=" " tag="042">
      <subfield code="a">dc</subfield>
   </datafield>
   <datafield ind2=" " ind1=" " tag="720">
      <subfield code="a">Yguel, Benjamin</subfield>
      <subfield code="e">author</subfield>
   </datafield>
   <datafield ind2=" " ind1=" " tag="720">
      <subfield code="a">Peñalver Cruz, Ainara</subfield>
      <subfield code="e">author</subfield>
   </datafield>
   <datafield ind2=" " ind1=" " tag="720">
      <subfield code="a">Heintz, Christelle</subfield>
      <subfield code="e">author</subfield>
   </datafield>
   <datafield ind2=" " ind1=" " tag="720">
      <subfield code="a">Braud, Ferreol</subfield>
      <subfield code="e">author</subfield>
   </datafield>
   <datafield ind2=" " ind1=" " tag="720">
      <subfield code="a">Cattaneo, Christian</subfield>
      <subfield code="e">author</subfield>
   </datafield>
   <datafield ind2=" " ind1=" " tag="720">
      <subfield code="a">Gaucher, Matthieu</subfield>
      <subfield code="e">author</subfield>
   </datafield>
   <datafield ind2=" " ind1=" " tag="720">
      <subfield code="a">Moindziwa, Ismael</subfield>
      <subfield code="e">author</subfield>
   </datafield>
   <datafield ind2=" " ind1=" " tag="720">
      <subfield code="a">Bricout, Margot</subfield>
      <subfield code="e">author</subfield>
   </datafield>
   <datafield ind2=" " ind1=" " tag="720">
      <subfield code="a">Brisset, Marie Noelle</subfield>
      <subfield code="e">author</subfield>
   </datafield>
   <datafield ind2=" " ind1=" " tag="720">
      <subfield code="a">Lemarquand, Arnaud</subfield>
      <subfield code="e">author</subfield>
   </datafield>
   <datafield ind2=" " ind1=" " tag="720">
      <subfield code="a">Didelot, Frederique</subfield>
      <subfield code="e">author</subfield>
   </datafield>
   <datafield ind2=" " ind1=" " tag="720">
      <subfield code="a">Jaloux, Bruno</subfield>
      <subfield code="e">author</subfield>
   </datafield>
   <datafield ind2=" " ind1=" " tag="260">
      <subfield code="c">2025-01-04</subfield>
   </datafield>
   <datafield ind2=" " ind1=" " tag="520">
      <subfield code="a">The rosy apple aphid is a major pest of apple orchards, it is also potentially ant tended. Attract&amp;Reward strategy is a promising pest management method, combining semiochemicals as attractant and companion plants as food sources for natural enemies. However, this method is difficult to implement owing to complex multi-tropic interactions (including mutualist interactions) at play in agroecosystems. Using sentinel plants (apple seedlings bearing rosy apple aphid) we investigated individual and combined effect(s) of Attract&amp;Reward components on aphid biocontrol in early and late spring in apple orchards. The attract component was implemented by adding apple seedlings treated with a plant defense stimulator (inducing plant semiochemicals attractive for natural enemies). The reward component was implemented by adding potted plants producing extrafloral nectar. Moreover, the impact of ant tending on aphids (in exchange of honeydew) was evaluated using exclusion device. We demonstrated that the Attract&amp;Reward strategy enabled increasing aphid biocontrol (vs. control) but only when ants were excluded, and only in early spring. The exclusion device successfully excluded ants in early and late spring but not Araneae and Syrphidae. Araneae and Syrphidae were not affected by the individual Attract&amp;Reward components or their combination. The combination of Attract&amp;Reward components is an effective strategy but only when ants are excluded. This is among the few studies showing experimentally that presence of ants conditions the efficiency of biocontrol strategies, including those based on Attract&amp;Reward concept. A better understanding of trophic and mutualistic interactions is required to design effective conservation biocontrol strategies.</subfield>
   </datafield>
   <datafield ind1="8" ind2=" " tag="024">
      <subfield code="a">Yguel, Benjamin, Ainara Peñalver-Cruz, Christelle Heintz, Ferreol Braud, Christian Cattaneo, Matthieu Gaucher, Ismael Moindziwa, et al. 2025. “Exclusion of ants conditions the efficiency of an attract and reward strategy against Dysaphis plantaginea in apple orchards.” Journal of Pest Science, January. https://doi.org/10.1007/s10340-024-01858-y.</subfield>
   </datafield>
   <datafield ind1="8" ind2=" " tag="024">
      <subfield code="a">1612-4758</subfield>
   </datafield>
   <datafield ind1="8" ind2=" " tag="024">
      <subfield code="a">http://hdl.handle.net/20.500.12327/3578</subfield>
   </datafield>
   <datafield ind1="8" ind2=" " tag="024">
      <subfield code="a">https://doi.org/10.1007/s10340-024-01858-y</subfield>
   </datafield>
   <datafield ind2="0" ind1="0" tag="245">
      <subfield code="a">Exclusion of ants conditions the efficiency of an attract and reward strategy against Dysaphis plantaginea in apple orchards</subfield>
   </datafield>
</record></metadata></record></GetRecord></OAI-PMH>